000 00789nam a2200289Ia 4500
003 OSt
005 20230217145705.0
008 210210b1992 xxu||||| |||| 00| 0 eng d
040 _aAL
_c
041 _aeng
082 _a580/266 UGC
100 _aVASHISHTA (B R)
_934404
245 _aBotany for degree students: fungi Part II
250 _a9
260 _aNew Delhi
_bS. Chand & Co. Ltd.
_c1992
300 _ax,506p.
_bPB
_c24x17cm
365 _2Botany
_b65.00
_c
_d65.00
650 _aDivisiion Mycota
_934409
650 _aOrder Peronosporales
_972553
650 _aSchizomycota and Viruses
_972554
650 _aLichens
_972555
650 _aPlant Diseases
_972556
690 _aBotany
_934413
700 _aVASHISHTA (B R)
_972557
906 _a047061
942 _2ddc
_cBK
999 _c127913
_d127913